Bài giảng cơ học lưu chất

Bài giảng giới thiệu cơ sở lý thuyết của các phương pháp cơ học, làm nền tảng cho việc tính toán các quá trình, ứng dụng để điều hành hoặc thiết kế các thiết bị tương ứng trong các khâu kỹ thuật của qui trình công nghệ sản xuất....

Ful tanımlama

Kaydedildi:
Detaylı Bibliyografya
Yazar: Võ, Tấn Thành
Materyal Türü: Kitap
Dil:Undetermined
Baskı/Yayın Bilgisi: Cần Thơ Trường Đại học Cần Thơ 2000
Konular:
Etiketler: Etiketle
Etiket eklenmemiş, İlk siz ekleyin!
Thư viện lưu trữ: Trung tâm Học liệu Trường Đại học Cần Thơ
LEADER 00943nam a2200193Ia 4500
001 CTU_38465
008 210402s9999 xx 000 0 und d
082 |a 660.282 
082 |b Th107 
100 |a Võ, Tấn Thành 
245 0 |a Bài giảng cơ học lưu chất 
245 0 |c Võ Tấn Thành (Biên soạn) 
260 |a Cần Thơ 
260 |b Trường Đại học Cần Thơ 
260 |c 2000 
520 |a Bài giảng giới thiệu cơ sở lý thuyết của các phương pháp cơ học, làm nền tảng cho việc tính toán các quá trình, ứng dụng để điều hành hoặc thiết kế các thiết bị tương ứng trong các khâu kỹ thuật của qui trình công nghệ sản xuất. 
650 |a Fluid mechanics,Cơ học 
904 |i Thùy Trang (sửa) 
980 |a Trung tâm Học liệu Trường Đại học Cần Thơ